| 000 | 00590cab a22002055a 4500 | ||
|---|---|---|---|
| 001 | L157428 | ||
| 008 | 121129e20121124xxk 000 0 eng d | ||
| 035 | _a(Sirsi) u157428 | ||
| 041 | 0 | _aeng | |
| 100 | 1 | _aTaylor, Tom | |
| 245 | 0 | 0 | _aUpstairs, downstairs |
| 260 | _c2012 | ||
| 490 |
_aEstates Gazette _v(1247) 24 November 2012, 122-123(2) |
||
| 520 | _aExplains how to control the use of street level retail units in high end mixed use developments. | ||
| 590 | _aKA | ||
| 651 | 4 | _aUnited Kingdom | |
| 690 |
_aCommercial property _96227 |
||
| 700 | 1 | _aLang, Katherine | |
| 942 | _n0 | ||
| 999 |
_c84377 _d84377 |
||